Minecraft Mobs: Babies - Statistics

General Stats
  • This quiz has been taken 34 times
    25 since last reset
  • The average score is 11 of 39
Answers on the Grid
Answers color-coded by a green-red scale on the quiz's grid according to % correct below.
Allay
Armadillo
Axolotl
Bat
Bee
Blaze
Bogged
Breeze
Camel
Camel Husk
Cat
Cave Spider
Chicken
Cod
Copper Golem
Cow
Creaking
Creeper
Dolphin
Donkey
Drowned
Elder Guardian
Ender Dragon
Enderman
Endermite
Evoker
Fox
Frog
Ghast
Glow Squid
Goat
Guardian
Happy Ghast
Hoglin
Horse
Husk
Iron Golem
Llama
Magma Cube
Mooshroom
Mule
Nautilus
Ocelot
Panda
Parched
Parrot
Phantom
Pig
Piglin
Piglin Brute
Pillager
Polar Bear
Pufferfish
Rabbit
Ravager
Salmon
Sheep
Shulker
Silverfish
Skeleton
Skeleton Horse
Slime
Sniffer
Snow Golem
Spider
Squid
Stray
Strider
Tadpole
Trader Llama
Tropical Fish
Turtle
Vex
Villager
Vindicator
Wandering Trader
Warden
Witch
Wither
Wither Skeleton
Wolf
Zoglin
Zombie
Zombie Horse
Zombie Nautilus
Zombie Villager
Zombified Piglin
 
Answer Stats
Answer % Correct
Chicken
89%
Armadillo
78%
Axolotl
78%
Bee
78%
Camel
78%
Cat
67%
Cow
44%
Dolphin
44%
Donkey
44%
Drowned
44%
Fox
44%
Mule
33%
Happy Ghast
22%
Horse
22%
Husk
22%
Piglin
22%
Sheep
22%
Wolf
22%
Glow Squid
11%
Goat
11%
Hoglin
11%
Llama
11%
Mooshroom
11%
Nautilus
11%
Ocelot
11%
Panda
11%
Pig
11%
Polar Bear
11%
Rabbit
11%
Sniffer
11%
Squid
11%
Strider
11%
Trader Llama
11%
Turtle
11%
Villager
11%
Zoglin
11%
Zombie
11%
Zombie Villager
11%
Zombified Piglin
11%
No matching quizzes found
Score Distribution
Percent of People with Each Score
Percentile by Number Answered
Your Score History
You have not taken this quiz since the last reset